[Event "Ch Austria (juniors) (under 16)"]
[Site "masterchessopen.com Vienna (Austria)"]
[Date "2011.04.18"]
[Round "3"]
[White "Dalnodar Bernhard (AUT)"]
[Black "Menezes Christoph (AUT)"]
[Result "0-1"]
[WhiteElo "1970"]
[BlackElo "2262"]

1.d4 Nf6 2.c4 e6 3.Nf3 d5 4.g3 Bb4+ 5.Bd2 Be7 6.Bg2 O-O 7.Qc2 c6 8.O-O Nbd7
9.Bc3 dxc4 10.a4 b6 11.Nfd2 Bb7 12.Nxc4 Qc7 13.b4 Nd5 14.Qb2 N7f6 15.e4 Nxc3
16.Nxc3 Ba6 17.Qb3 Rac8 18.Rfd1 Rfd8 19.Rac1 Qb8 20.Ne3 Bb7 21.e5 Nd5 22.Ncxd5
cxd5 23.f4 Rxc1 24.Rxc1 Rc8 25.Rc3 a5 26.b5 Bb4 27.Rxc8+ Qxc8 28.Nc2 Be7
29.Bf1 f6 30.exf6 gxf6 31.Qd3 e5 32.fxe5 fxe5 33.Qe2 e4 34.h3 Bd6 35.Kg2 Qc3
36.Qg4+ Kh8 37.Qg5 Qxc2+ 38.Kg1 Qc7 39.Qf6+ Kg8 40.Qe6+ Kf8 41.Qf6+ Ke8 42.Be2
Qe7 43.Bh5+ Kd8 44.Qh8+ Kc7 45.Kg2 Bc8 46.Qg8 e3 47.Qxd5 Bb7 {#R} 0-1

[Event "Ch Bayern (b)"]
[Site "masterchessopen.com Bayern (Germany)"]
[Round "0"]
[White "Mandl Robert (GER)"]
[Black "Wenzel Johannes (GER)"]
[Result "1-0"]
[WhiteElo "2288"]
[BlackElo "2133"]

1.c4 Nf6 2.Nf3 e6 3.g3 d5 4.d4 Bb4+ 5.Bd2 Be7 6.Bg2 O-O 7.Qc2 Nbd7 8.O-O c6
9.Bf4 dxc4 10.Qxc4 Qa5 11.Nc3 Nd5 12.Bd2 Nxc3 13.Bxc3 Qc7 14.e4 Bf6 15.Rac1
Re8 16.Rfd1 e5 17.d5 Nb6 18.Qb3 Bd7 19.Ba5 Rec8 20.Nd2 Bg5 21.Rc5 Qd6 22.Bb4
Qg6 23.Nf3 Bf6 24.Re1 cxd5 25.exd5 Qf5 26.Nd2 Ba4 27.Qe3 Rxc5 28.Bxc5 Nd7
29.Bb4 Bg5 30.Qe4 Bc2 31.Qxf5 Bxf5 32.Ne4 Bxe4 33.Bxe4 Rc8 34.Bf5 Rd8 35.f4
Bf6 36.Bxd7 Rxd7 37.fxe5 Bg5 38.Rd1 h5 39.Kg2 Kh7 40.Kf3 Kg6 41.Ke4 Rc7 42.Bc3
Bd8 43.d6 Rc5 44.d7 f5+ 45.exf6 gxf6 46.Rd6 Kf7 47.Bxf6 Bxf6 48.Rxf6+ Ke7
49.Rd6 Kd8 50.Rd2 Rg5 51.Kf4 Ra5 52.a3 Rc5 53.h3 {#r} 1-0

[Event "Ch Belgium (open)"]
[Site "masterchessopen.com Antwerpen (Belgium)"]
[Date "2011.07.08"]
[Round "7"]
[White "Ghyselen Wouter (BEL)"]
[Black "Van Houtte Randy (BEL)"]
[Result "1-0"]
[WhiteElo "2026"]
[BlackElo "1887"]

1.d4 Nf6 2.Nf3 e6 3.g3 d5 4.c4 Bb4+ 5.Bd2 Bxd2+ 6.Nbxd2 O-O 7.Bg2 Ne4 8.O-O
Nd7 9.Nxe4 dxe4 10.Nd2 f5 11.f3 e3 12.Nb3 f4 13.gxf4 Qh4 14.Qe1 Qh6 15.Rd1 Nb6
16.Rc1 Rxf4 17.Qg3 a5 18.Rfd1 Qf6 19.Rd3 a4 20.Nc5 Rxd4 21.Qxc7 Rxd3 22.Nxd3
Qd4 23.f4 g5 24.fxg5 Bd7 25.c5 Bb5 26.Qxb6 Bxd3 27.Qxe6+ Kh8 28.exd3 Rf8
29.Qd6 Qg7 30.d4 Rf2 31.Qb8+ Rf8 32.Qe5 Rf2 33.Qxe3 Rf5 34.Qe8+ {#r} 1-0

[Event "Ch Belgrade (team) (qual. liga)"]
[Site "masterchessopen.com Belgrade (Serbia)"]
[Round "11"]
[White "Kostic Milutin B (SRB)"]
[Black "Josipovic Dragan (SRB)"]
[Result "1-0"]
[WhiteElo "2301"]
[BlackElo "2148"]

1.d4 d5 2.Nf3 Nf6 3.c4 e6 4.g3 Bb4+ 5.Bd2 a5 6.Qc2 O-O 7.Bg2 c6 8.O-O Nbd7
9.Rd1 Re8 10.Nc3 dxc4 11.Ne5 Qb6 12.e3 Qc7 13.Nxc4 e5 14.a3 Bf8 15.Rac1 g6
16.Qb1 h5 17.d5 a4 18.Be1 Nc5 19.dxc6 Nb3 20.Nb5 Qe7 21.Bb4 Qe6 22.Nc7 Qg4
23.Nxe8 Nxe8 24.cxb7 Bxb7 25.Bxb7 Rb8 26.Qe4 Nxc1 27.Rxc1 Bxb4 28.axb4 Qe2
29.Bd5 Rxb4 30.Qxg6+ {#r} 1-0

[Event "Ch Belgrade (team) (qual. liga)"]
[Site "masterchessopen.com Belgrade (Serbia)"]
[Date "2011.10.22"]
[Round "3"]
[White "Nikolic Branislav (SRB)"]
[Black "Josipovic Dragan (SRB)"]
[Result "1-0"]
[WhiteElo "2075"]
[BlackElo "2127"]

1.d4 d5 2.c4 e6 3.Nf3 Nf6 4.g3 Bb4+ 5.Bd2 a5 6.a3 Be7 7.Bg2 O-O 8.O-O c6 9.c5
b6 10.cxb6 Qxb6 11.Nc3 Nbd7 12.Na4 Qb5 13.Rc1 Ba6 14.Re1 c5 15.dxc5 Nxc5
16.Nxc5 Bxc5 17.b4 axb4 18.axb4 Bb6 19.e3 Bb7 20.Nd4 Bxd4 21.exd4 Ne4 22.Bxe4
dxe4 23.Rc5 Qd3 24.Be3 Qxd1 25.Rxd1 Bd5 26.b5 f5 27.Bf4 h6 28.b6 g5 29.Be5 e3
30.fxe3 Be4 31.Rc7 Rf7 32.Rdc1 Rxc7 33.bxc7 Rc8 34.h4 Kf7 35.Kf2 Bb7 36.Rb1
Bc6 37.Rb8 Bd7 38.h5 Ke7 39.Ke1 Re8 40.Rxe8+ Kxe8 41.Bg7 Kf7 42.Bxh6 Kf6
43.Bf8 Kf7 44.Bh6 Kf6 45.Kd2 Bc8 46.Kc3 Bb7 47.Kb4 f4 48.exf4 Ke7 49.Bxg5+ Kd7
50.Bd8 {#r} 1-0

[Event "Ch Bulgaria"]
[Site "masterchessopen.com Sofia (Bulgaria)"]
[Round "18"]
[White "Gerenski Hristo (BUL)"]
[Black "Orev Petar (BUL)"]
[Result "1-0"]
[WhiteElo "2189"]
[BlackElo "2204"]

1.d4 Nf6 2.Nf3 d5 3.c4 e6 4.g3 Bb4+ 5.Bd2 Qe7 6.Bg2 O-O 7.O-O Nc6 8.Bg5 dxc4
9.Ne5 Qd6 10.a3 Nxd4 11.Nxc4 Qc5 12.Bxf6 gxf6 13.Qd3 Nc6 14.Bxc6 Qxc6 15.axb4
b6 16.Nbd2 Bb7 17.Qf3 Rfd8 18.Qxc6 Bxc6 19.Nf3 Bxf3 20.exf3 Rd4 21.Rfc1 b5
22.Ne3 Rxb4 23.Rxc7 a5 24.Rc2 a4 25.Nd1 Rd8 26.Kf1 Rbd4 27.Nc3 Rc4 28.Rcc1 Rb4
29.Rd1 Rc8 30.Rd2 Rb3 31.Nd1 Rxf3 32.Ne3 e5 33.Ke2 e4 34.Rd4 f5 35.Rb4 Rc5
36.Rd1 Re5 37.Rd8+ Kg7 38.Rb8 f4 39.gxf4 Rxf4 40.R8xb5 Re6 {#r} 1-0

[Event "Ch Catalunia (team) (Div. Honor)"]
[Site "masterchessopen.com Barcelona (Spain)"]
[Date "2011.04.09"]
[Round "11"]
[White "Alonso Rosell Alvar (ESP)"]
[Black "Oms Fuentes Lluis (ESP)"]
[Result "1-0"]
[WhiteElo "2501"]
[BlackElo "2314"]

1.d4 d5 2.c4 e6 3.Nf3 Nf6 4.g3 Bb4+ 5.Bd2 Bxd2+ 6.Nbxd2 O-O 7.Bg2 Nbd7 8.Qc2
b6 9.O-O Bb7 10.Rac1 c5 11.dxc5 bxc5 12.cxd5 exd5 13.e3 Rc8 14.b3 Qe7 15.Qb2
Rc6 16.Rfd1 Rfc8 17.Nb1 Nb6 18.Nc3 a6 19.Rc2 R6c7 20.Qa3 h6 21.Rdd2 Qd7 22.Ne2
c4 23.Ned4 cxb3 24.axb3 Rxc2 25.Rxc2 Rxc2 26.Nxc2 Ne4 27.Nfd4 Qc8 28.f3 Nc5
29.Bf1 Qc7 30.Kf2 Bc6 31.Nb4 Qd6 32.Nbc2 Nbd7 33.Nf5 Qf6 34.Ncd4 Kh7 35.b4 Ne6
36.Bd3 g6 37.Nxe6 Qxe6 38.Nd4 Qf6 39.Qc3 Ne5 40.Be2 Bd7 41.Kg1 {#r} 1-0

[Event "Ch Chess Club (open)"]
[Site "masterchessopen.com Tula (Russia)"]
[Round "9"]
[White "Lazarev Sergei G (RUS)"]
[Black "Ruchkin Yuri (RUS)"]
[Result "1-0"]
[WhiteElo "2387"]
[BlackElo "2238"]

1.d4 d5 2.c4 e6 3.Nf3 Nf6 4.g3 Bb4+ 5.Bd2 Bxd2+ 6.Nbxd2 O-O 7.Bg2 Re8 8.O-O
Nbd7 9.Qc2 e5 10.cxd5 exd4 11.Nxd4 Nb6 12.e4 c6 13.Qc5 cxd5 14.exd5 Nbxd5
15.Rfe1 b6 16.Qc6 Bd7 17.Qd6 Rxe1+ 18.Rxe1 Be8 19.Qe5 Rc8 20.Nf5 Bc6 21.Ne4
Kf8 22.Ng5 h6 23.Nh7+ Kg8 24.Nxf6+ Qxf6 25.Qxf6 gxf6 26.Bxd5 {#r} 1-0

[Event "Ch Chigorin Chess Club"]
[Site "masterchessopen.com St. Petersburg (Russia)"]
[Date "2008.05.20"]
[Round "6"]
[White "Nikolaev Yury (RUS)"]
[Black "Kurilov Viktor (RUS)"]
[Result "1-0"]
[WhiteElo "2149"]
[BlackElo "2312"]

1.Nf3 Nf6 2.d4 d5 3.c4 e6 4.g3 Bb4+ 5.Bd2 Be7 6.Bg2 O-O 7.O-O Nbd7 8.Bf4 c6
9.Qc2 b6 10.Nc3 Ba6 11.b3 dxc4 12.Rfd1 cxb3 13.axb3 Bb7 14.e4 a5 15.Ne1 Rc8
16.h3 Nb8 17.Be3 Na6 18.Nd3 Nb4 19.Nxb4 Bxb4 20.Na2 Be7 21.g4 Qc7 22.Nc3 Nd7
23.Qe2 Qb8 24.Qf3 Rfe8 25.g5 c5 26.d5 exd5 27.Nxd5 Bxd5 28.Rxd5 Ne5 29.Qg3 Ng6
30.f4 Rcd8 31.e5 Bf8 32.Qg4 Rxd5 33.Bxd5 Nxe5 34.Qd1 Kh8 35.Qd2 Ng6 36.Bxf7
Rd8 37.Qf2 Qb7 38.Bxg6 hxg6 39.f5 gxf5 40.Qh4+ Kg8 41.g6 Bd6 42.Qh7+ Kf8
43.Qh8+ Ke7 44.Qxg7+ Ke6 45.Qxb7 Rd7 46.Qxd7+ Kxd7 47.g7 Be5 48.Rd1+ Kc6
49.g8=Q Kb5 50.Qc4+ Kc6 51.Rd5 Bd6 52.Rxf5 Bc7 53.Bxc5 a4 54.bxa4 bxc5
55.Qxc5+ Kb7 56.Rf7 Ka6 57.Qb5+ {#r} 1-0

[Event "Ch Chigorin Chess Club"]
[Site "masterchessopen.com St. Petersburg (Russia)"]
[Date "2009.05.28"]
[Round "8"]
[White "Zanan Evgeny (RUS)"]
[Black "Utkin Alexander (RUS)"]
[Result "1-0"]
[WhiteElo "2111"]
[BlackElo "2160"]

1.d4 d5 2.c4 e6 3.Nf3 Nf6 4.g3 Bb4+ 5.Bd2 Be7 6.Bg2 c6 7.Qc2 Nbd7 8.O-O O-O
9.Bf4 Ne4 10.Nc3 g5 11.Bc1 f5 12.b3 Qe8 13.Nxe4 fxe4 14.Nxg5 Bf6 15.Be3 c5
16.Qd2 Qe7 17.Nh3 cxd4 18.Bxd4 e5 19.Be3 d4 20.Bh6 Bg7 21.Bxg7 Qxg7 22.Bxe4
Nf6 23.Bg2 h6 24.e3 Bxh3 25.Bxh3 Ne4 26.Qe2 Nc3 27.Qc2 Qh7 28.Qd2 Rad8 29.exd4
exd4 30.Rae1 Qg7 31.Re6 Rf6 32.Rfe1 Rxe6 33.Rxe6 Qg5 34.Qd3 Kh8 35.Rg6 Qc1+
36.Kg2 Qb1 37.Rxh6+ Kg7 38.Rh7+ Kf6 39.Qf3+ {#r} 1-0

[Event "Ch City"]
[Site "masterchessopen.com Torun (Poland)"]
[Date "2007.11.11"]
[Round "5"]
[White "Paprocki Jaroslaw (POL)"]
[Black "Lewandowski Marek (POL)"]
[Result "1-0"]
[WhiteElo "2214"]
[BlackElo "1930"]

1.d4 Nf6 2.Nf3 d5 3.c4 e6 4.g3 Bb4+ 5.Bd2 Be7 6.Bg2 O-O 7.O-O Nbd7 8.Qc2 c6
9.cxd5 exd5 10.Bf4 Re8 11.Nc3 Nf8 12.Rac1 Ng6 13.e3 Bd6 14.Bxd6 Qxd6 15.a3 h6
16.Nd2 Bd7 17.Na4 Rac8 18.b4 Nf8 19.Nc5 b6 20.Ncb3 Ne6 21.f3 Red8 22.e4 dxe4
23.Nc4 Qe7 24.fxe4 Be8 25.e5 Nd5 26.Qe2 Nf8 27.Rc2 Rc7 28.Nd6 Qe6 29.Nc1 f6
30.Nxe8 Rxe8 31.Nd3 fxe5 32.Nxe5 Nd7 33.Re1 Nxe5 34.Qxe5 Qxe5 35.dxe5 Ne7
36.Rd2 c5 37.e6 cxb4 38.axb4 Rc4 39.Rd7 Rxb4 40.Rf1 Rg4 41.Rxa7 Rg6 42.Re1 Nc8
43.Bc6 Rd8 44.Ra8 Kh7 45.Bd7 Rf8 46.e7 {#r} 1-0

[Event "Ch City"]
[Site "masterchessopen.com Alma-Ata (Kazakhstan)"]
[Date "2008.02.24"]
[Round "6"]
[White "Primbetov K (KAZ)"]
[Black "Amanbayev S"]
[Result "1-0"]
[WhiteElo "2220"]
[BlackElo "2175"]

1.d4 d5 2.Nf3 Nf6 3.c4 e6 4.g3 Bb4+ 5.Bd2 Bxd2+ 6.Nbxd2 O-O 7.Bg2 c5 8.cxd5
Nxd5 9.dxc5 Qa5 10.e4 Nb4 11.O-O Qxc5 12.a3 N4c6 13.Rc1 Qe7 14.e5 Rd8 15.Qc2
Nd7 16.Nc4 Nf8 17.Rfd1 Bd7 18.b4 b5 19.Nd6 Rab8 20.h4 Rb6 21.Ne4 h6 22.h5 Rc8
23.Qb2 a5 24.Rc5 axb4 25.axb4 Ra8 26.Nd4 Rab8 27.Nf6+ gxf6 28.Nxc6 Bxc6
29.exf6 Qe8 30.Qc1 Nh7 31.Bxc6 Qf8 32.Qf4 Ng5 33.Kg2 Rc8 34.Rxg5+ hxg5
35.Qxg5+ Kh8 36.Be4 Rbb8 37.h6 Rc4 38.Qg7+ Qxg7 39.hxg7+ {#r} 1-0

[Event "Ch City"]
[Site "masterchessopen.com Krasnoyarsk (Russia)"]
[Round "3"]
[White "Malikov Alexandr (RUS)"]
[Black "Pavlov Oleg (RUS)"]
[Result "0-1"]
[WhiteElo "2071"]
[BlackElo "2326"]

1.d4 Nf6 2.c4 e6 3.g3 d5 4.Nf3 Bb4+ 5.Bd2 Be7 6.Bg2 O-O 7.Qc2 c6 8.O-O b6 9.b3
Bb7 10.Nc3 Nbd7 11.Rfd1 c5 12.cxd5 exd5 13.Bf4 Rc8 14.Nb5 cxd4 15.Bc7 Qe8
16.Nxa7 Ra8 17.Nb5 Ne4 18.Nfxd4 Bc5 19.Bf4 Qe7 20.Qb2 f5 21.h4 Ne5 22.f3 Nd6
23.Nxd6 Bxd6 24.Nb5 Bc5+ 25.Kh2 Ng6 26.Bg5 Qd7 27.Nd4 h6 28.Bf4 Nxf4 29.gxf4
Qe7 30.Kg3 Rae8 31.Qd2 Rf6 32.e3 Qxe3 33.Qxe3 Rxe3 34.Kf2 Rc3 35.Bf1 Rc2+
36.Kg1 Rg6+ 37.Kh1 Rb2 38.a3 Bxd4 39.Rxd4 Rxb3 40.Bd3 Rg3 41.Bxf5 Rgxf3 42.Rc1
Rb2 43.Be6+ Kf8 44.Bxd5 Bxd5 45.Rxd5 Rxf4 46.Rc7 Rxh4+ 47.Kg1 Kg8 48.Rc8+ Kh7
49.Rc3 Re4 50.Kf1 Rh4 51.Kg1 Rg4+ 52.Kf1 b5 53.Rd7 Rd4 54.Re7 Rd1+ 55.Re1
Rxe1+ 56.Kxe1 h5 57.Rc6 g6 58.Re6 Kh6 59.a4 b4 60.Kd1 Rf2 61.a5 Ra2 62.a6 h4
{#R} 0-1

[Event "Ch City"]
[Site "masterchessopen.com Milanowek (Poland)"]
[Date "2008.06.27"]
[Round "7"]
[White "Sarwinski Miroslaw (POL)"]
[Black "Kowalska Elzbieta (POL)"]
[Result "1-0"]
[WhiteElo "2313"]
[BlackElo "1936"]

1.Nf3 Nf6 2.c4 e6 3.g3 d5 4.d4 Bb4+ 5.Bd2 Be7 6.Bg2 c6 7.Qc2 Nbd7 8.O-O O-O
9.b3 Ne4 10.Bf4 g5 11.Bc1 f5 12.Bb2 g4 13.Ne5 Nxe5 14.dxe5 Ng5 15.Nd2 Bd7
16.Bd4 h5 17.f4 Nh7 18.Rfc1 h4 19.cxd5 cxd5 20.Qc7 Bc6 21.Qxd8 Rfxd8 22.Kf2 h3
23.Bf1 Nf8 24.a3 Rdc8 25.e3 Nd7 26.b4 a6 27.Nb3 b6 28.Bxa6 Rxa6 29.b5 Rxa3
30.Rxa3 Bxa3 31.Rxc6 Rb8 32.Rxe6 Nc5 33.Bxc5 bxc5 34.b6 c4 35.Nd4 Bc5 36.Nxf5
Bxb6 37.Nh6+ Kg7 38.Nxg4 d4 39.Rc6 c3 40.Ke2 Ba5 41.exd4 Rb2+ 42.Ke3 Rg2 43.f5
c2 44.Kd3 Rd2+ 45.Ke4 Bb6 46.e6 Rxd4+ 47.Kf3 Rd2 48.f6+ {#r} 1-0

[Event "Ch City"]
[Site "masterchessopen.com Tomsk (Russia)"]
[Date "2010.12.16"]
[Round "9"]
[White "Likhanov Igor (KAZ)"]
[Black "Puraev Artemiy (RUS)"]
[Result "0-1"]
[WhiteElo "1971"]
[BlackElo "2188"]

1.Nf3 Nf6 2.c4 e6 3.d4 d5 4.g3 Bb4+ 5.Bd2 Bd6 6.Bg2 c6 7.Qc2 Nbd7 8.O-O O-O
9.Bg5 h6 10.Bxf6 Nxf6 11.Nbd2 b6 12.e4 Be7 13.Rfd1 Bb7 14.Rac1 Rc8 15.e5 Nd7
16.cxd5 cxd5 17.Qa4 a6 18.Nb3 b5 19.Qa5 Qxa5 20.Nxa5 Ba8 21.Nb3 Rfd8 22.Ne1
Nb6 23.Nc5 a5 24.b3 Bxc5 25.dxc5 Nd7 26.b4 Nxe5 27.bxa5 Nc4 28.Rb1 Bc6 29.a4
bxa4 30.a6 Ra8 31.Bf1 Rdc8 32.Bxc4 dxc4 33.Rb6 Be8 34.Rdb1 Kf8 35.Nc2 Rxc5
36.Rb8 Rxb8 37.Rxb8 Ra5 38.Rc8 a3 39.Rxc4 a2 40.Na1 Rxa6 41.Rc2 Bc6 42.Kf1 Bd5
43.Rb2 Rc6 {#R} 0-1

[Event "Ch City (1 league)"]
[Site "masterchessopen.com Samara (Russia)"]
[Date "2009.02.12"]
[Round "7"]
[White "Vanifatov Yury (RUS)"]
[Black "Belonogov Alexander (RUS)"]
[Result "0-1"]
[WhiteElo "2178"]
[BlackElo "2125"]

1.d4 Nf6 2.c4 e6 3.g3 d5 4.Nf3 Bb4+ 5.Bd2 Bxd2+ 6.Qxd2 O-O 7.Nc3 Nbd7 8.Bg2 c6
9.O-O dxc4 10.e4 Nb6 11.e5 Nfd5 12.Ne4 Qc7 13.Rac1 Bd7 14.Rfe1 f5 15.exf6 gxf6
16.Nc5 Rae8 17.Bh3 Qc8 18.a4 Nc7 19.Ne4 Re7 20.Nxf6+ Kh8 21.Qh6 Nbd5 22.Nxd7
Rxf3 23.Bg2 Rff7 24.Ne5 Rf6 25.Qh5 Qf8 26.Be4 Rh6 27.Qg5 Nf6 28.Bf3 Nd7
29.Rxc4 Nxe5 30.dxe5 Rg6 31.Rf4 Qg7 32.Qh4 Nd5 33.Rg4 Rd7 34.Rxg6 Qxg6 35.Be4
Qg7 36.Qh5 Rf7 37.Bxd5 cxd5 38.Rc1 Rf8 39.f4 d4 40.Kf2 d3 41.Ke3 Qf7 42.Qh6
Rd8 43.Qf6+ {#R} 0-1

[Event "Ch City (1/2 final)"]
[Site "masterchessopen.com Omsk (Russia)"]
[Date "2008.12.06"]
[Round "6"]
[White "Kozenkov Valery (RUS)"]
[Black "Usatchev Sergei (RUS)"]
[Result "1-0"]
[WhiteElo "2092"]
[BlackElo "1842"]

1.d4 Nf6 2.c4 e6 3.Nf3 d5 4.g3 Bb4+ 5.Bd2 Qe7 6.Bg2 dxc4 7.Ne5 O-O 8.Nxc4 Nbd7
9.O-O Bxd2 10.Qxd2 c5 11.Nc3 cxd4 12.Qxd4 a6 13.Qd6 Qxd6 14.Nxd6 Rb8 15.Rfd1
b5 16.e4 e5 17.Nd5 Bb7 18.Rac1 Bxd5 19.exd5 Nb6 20.Nf5 Rfe8 21.d6 e4 22.Bh3
Kf8 23.Ne7 Nbd7 24.Rc7 Ne5 25.Nc6 Nxc6 26.Rxc6 a5 27.Rc7 Red8 28.Ra7 a4 29.Rd4
Rb6 30.d7 Rbb8 31.Bf5 Ke7 32.Bxe4 Rxd7 33.Rdxd7+ Nxd7 34.Bc6 Rd8 35.Bxb5 Kd6
36.Rxd7+ Rxd7 37.Bxd7 Kxd7 38.Kf1 Kc6 39.Ke2 Kb5 40.Kd3 Kc5 41.Kc3 Kd5 42.f3
f5 43.b3 g5 44.bxa4 h5 45.a5 h4 46.gxh4 gxh4 47.a6 Ke5 48.a7 {#r} 1-0

[Event "Ch City (open)"]
[Site "masterchessopen.com Skopje (Macedonia)"]
[Date "2010.12.11"]
[Round "8"]
[White "Tancev Zoran (MKD)"]
[Black "Mitkov Marjan (MKD)"]
[Result "1-0"]
[WhiteElo "2270"]
[BlackElo "2392"]

1.d4 Nf6 2.c4 e6 3.Nf3 d5 4.g3 Bb4+ 5.Bd2 Be7 6.Bg2 c6 7.Qc2 b6 8.O-O Ba6
9.Ne5 O-O 10.Bf4 Nfd7 11.Nxd7 Nxd7 12.Nd2 g5 13.Be3 f5 14.Nf3 g4 15.Nd2 Rc8
16.Bh6 Rf7 17.f3 Nf6 18.e4 gxf3 19.exf5 fxg2 20.Kxg2 dxc4 21.fxe6 Qd5+ 22.Nf3
Qxe6 23.Rae1 Qd7 24.Ng5 Qd5+ 25.Rf3 Rd8 26.Re5 Qxd4 27.Nxf7 Rd5 {#r} 1-0

[Event "Ch Club"]
[Site "masterchessopen.com Helsinki (Finland)"]
[Round "5"]
[White "Veingold Aleksandr (EST)"]
[Black "Salimaki Janne (FIN)"]
[Result "1-0"]
[WhiteElo "2475"]
[BlackElo "2209"]

1.d4 d5 2.Nf3 Nf6 3.c4 e6 4.g3 Bb4+ 5.Bd2 Be7 6.Bg2 c6 7.Qc2 O-O 8.O-O b6 9.b3
Bb7 10.Nc3 Nbd7 11.Rad1 Rc8 12.e4 dxe4 13.Nxe4 c5 14.Nxf6+ Nxf6 15.dxc5 Bxc5
16.Bc3 Qe7 17.Ng5 Rfd8 18.Bxb7 Qxb7 19.Rxd8+ Rxd8 20.Bxf6 gxf6 21.Qxh7+ Kf8
22.Nxe6+ Ke7 23.Qxf7+ {#r} 1-0

[Event "Ch Croatia (juniors) (team) (under 20)"]
[Site "masterchessopen.com Topusko (Croatia)"]
[Date "2012.04.03"]
[Round "6"]
[White "Makovec Bruno"]
[Black "Samanic Verena"]
[Result "1-0"]
[WhiteElo "1777"]
[BlackElo "1644"]

1.d4 d5 2.c4 e6 3.g3 Nf6 4.Nf3 Bb4+ 5.Bd2 Be7 6.Bg2 dxc4 7.O-O a6 8.a4 Nbd7
9.Qc2 O-O 10.Qxc4 Nb6 11.Qc2 Bd7 12.Rc1 Bc6 13.a5 Nbd7 14.Nc3 Bb4 15.Bf4 Bxc3
16.bxc3 Be4 17.Qb2 b5 18.c4 c6 19.Nd2 Bxg2 20.Kxg2 Rc8 21.Rc2 h6 22.Nb3 g5
23.Bd6 Re8 24.Rac1 Nf8 25.Bxf8 Rxf8 26.cxb5 Qd5+ 27.Kg1 axb5 28.Rc5 Qd7 29.Qd2
Ne4 30.Qe3 Nxc5 31.Rxc5 f6 32.Qe4 Kg7 33.h4 Rf7 34.h5 f5 35.Qe3 Qd6 36.Re5 Re8
37.Nc5 Rfe7 38.Qc3 Ra8 39.d5 Kh7 40.dxe6 b4 41.Qe3 Rxa5 42.Rxf5 Ra1+ 43.Kg2
Qd1 44.Kh3 Qh1+ 45.Kg4 Qc1 46.Qe4 Kg7 47.Qd4+ Kg8 48.Qd8+ {#r} 1-0

[Event "Ch Croatia (juniors) (under 15)"]
[Site "masterchessopen.com Novi Vinodolski (Croatia)"]
[Date "2009.06.26"]
[Round "9"]
[White "Havas Juraj (CRO)"]
[Black "Muskardin Mario (CRO)"]
[Result "1-0"]
[WhiteElo "1936"]
[BlackElo "2076"]

1.d4 Nf6 2.Nf3 e6 3.c4 d5 4.g3 Bb4+ 5.Bd2 Be7 6.Bg2 O-O 7.Qc2 Nc6 8.O-O Ne4
9.Bf4 Nb4 10.Qc1 dxc4 11.Qxc4 Nd5 12.Bc1 Nd6 13.Qd3 b6 14.a3 c5 15.dxc5 bxc5
16.e4 Nc7 17.Qc2 Bb7 18.Nc3 Ncb5 19.e5 Bxf3 20.exd6 Nd4 21.dxe7 Nxc2 22.exd8=Q
Raxd8 23.Rb1 Bg4 24.Bf4 f6 25.Be4 Nd4 26.f3 Bh5 27.g4 Bf7 28.Rbd1 e5 29.Be3
Bb3 30.Rd2 g6 31.Bb1 f5 32.Bg5 Rd7 33.gxf5 gxf5 34.Rg2 Kh8 35.Ba2 h5 36.Bxb3
Nxb3 37.Be3 f4 38.Bf2 Rd3 39.Rg5 Rxf3 40.Rxh5+ Kg7 41.Rxe5 Kf6 42.Ree1 Kf5
43.Be3 Nd4 44.Bxd4 Rxf1+ 45.Kxf1 cxd4 46.Nb5 Rd8 47.Nxa7 d3 48.Nc6 Rd6 49.Na5
f3 50.Nc4 Rd4 51.b3 Rh4 52.Kg1 Rg4+ 53.Kf2 Kf4 54.Ne3 Rg5 55.Rd1 Ke4 56.b4 Rh5
57.Ng4 Rh4 58.Kg3 Rh8 59.Nf2+ Ke3 60.Rxd3+ Ke2 61.Rxf3 {#r} 1-0

[Event "Ch Croatia (team) (2nd league)"]
[Site "masterchessopen.com Zagreb (Croatia)"]
[Date "2009.10.18"]
[Round "8"]
[White "Gazarek Danko (CRO)"]
[Black "Jovicic Miodrag (CRO)"]
[Result "1-0"]
[WhiteElo "2309"]
[BlackElo "1997"]

1.d4 d5 2.Nf3 Nf6 3.c4 e6 4.g3 Bb4+ 5.Bd2 Bxd2+ 6.Nbxd2 O-O 7.Bg2 b6 8.Ne5 Bb7
9.O-O Nbd7 10.Nxd7 Qxd7 11.Qc2 Rac8 12.c5 c6 13.b4 Ba6 14.Rfe1 b5 15.e3 Ra8
16.Bf1 Rfb8 17.f3 Bc8 18.Nb3 Qc7 19.Qc3 Nd7 20.e4 dxe4 21.fxe4 Nf6 22.Bg2 Bb7
23.e5 Nd5 24.Qd2 Rd8 25.a3 Rd7 26.Rf1 Rad8 27.Qf2 Re7 28.g4 Qd7 29.Qg3 a6
30.Rf2 Rde8 31.Raf1 Qd8 32.Be4 g6 33.Qh3 Rf8 34.Rf3 Kg7 35.g5 Rh8 36.Qh6+ Kg8
37.Kh1 Qf8 38.Qh4 Qe8 39.Qf2 Kg7 40.Rh3 h5 41.gxh6+ Rxh6 42.Rxh6 Kxh6 43.Nd2
Rd7 44.Bg2 Kg7 45.Ne4 Qh8 46.Nd6 Qg8 47.Bxd5 cxd5 48.Qf6+ {#r} 1-0

[Event "Ch Croatia (team) (3rd league)"]
[Site "masterchessopen.com Croatia"]
[Date "2005.10.09"]
[Round "7"]
[White "Sargac Rajna (CRO)"]
[Black "Maras Mile (CRO)"]
[Result "0-1"]
[WhiteElo "2243"]
[BlackElo "2284"]

1.d4 Nf6 2.Nf3 d5 3.c4 e6 4.g3 Bb4+ 5.Bd2 Be7 6.Bg2 O-O 7.Qc2 Nc6 8.O-O dxc4
9.e3 Nd5 10.Qxc4 Nb6 11.Qc2 Bf6 12.Bc3 Nd5 13.e4 Nxc3 14.bxc3 e5 15.d5 Na5
16.Nbd2 b6 17.c4 Nb7 18.Nb3 a5 19.c5 a4 20.c6 axb3 21.cxb7 Bxb7 22.axb3 Rxa1
23.Rxa1 Bxd5 24.exd5 e4 25.Ra7 exf3 26.Bxf3 Be5 27.Qf5 Qd6 28.Ra4 g6 29.Qc2
Qf6 30.Kg2 Bd6 31.Re4 Rd8 32.Qd2 Rc8 33.Rh4 Qg7 34.Be2 h5 35.Bf3 f5 36.Ra4 Qf6
37.Qc2 Kg7 38.Qc6 Rf8 39.Ra7 Qe5 40.Qxb6 f4 41.Qa5 fxg3 42.hxg3 h4 43.Qa1 Qxa1
44.Rxa1 h3+ 45.Kxh3 Rxf3 46.Kg2 Rxb3 47.f4 g5 48.fxg5 Rxg3+ 49.Kf2 Kg6 50.Ra5
Kxg5 51.Ra6 Rc3 52.Ra1 Kf4 53.Ke2 Ke4 54.Kd2 Kxd5 55.Ra5+ Rc5 56.Ra4 Rc4
57.Ra5+ c5 58.Ra6 Re4 59.Kc2 c4 60.Ra8 Re2+ 61.Kd1 Rh2 62.Rd8 c3 63.Re8 Be5
64.Kc1 Kc4 65.Kb1 Kb3 {#R} 0-1

[Event "Ch Czech Republic (team) (1 liga) East"]
[Site "masterchessopen.com Czech Republic"]
[Date "2011.11.27"]
[Round "4"]
[White "Karasek Lukas (CZE)"]
[Black "Kovar Oldrich (CZE)"]
[Result "1-0"]
[WhiteElo "2174"]
[BlackElo "2058"]

1.Nf3 d5 2.d4 Nf6 3.c4 e6 4.g3 Bb4+ 5.Bd2 Bxd2+ 6.Nbxd2 O-O 7.Bg2 c6 8.O-O
Nbd7 9.Qc2 Re8 10.e4 dxe4 11.Nxe4 Nxe4 12.Qxe4 Nf6 13.Qe3 Qb6 14.b3 Rd8
15.Rfd1 Bd7 16.Ne5 Be8 17.Rd2 Qc7 18.Rad1 a5 19.Bf3 Rac8 20.h4 b6 21.Kg2 Kf8
22.Qc3 Ng8 23.Nd3 Ne7 24.Nf4 Kg8 25.Be4 Nf5 26.Qf3 Ne7 27.Qc3 h6 28.Qb2 Nf5
29.Ne2 Ne7 30.Qc3 Rd7 31.Qe3 Rcd8 32.Nc3 Rc8 33.a4 Rdd8 34.Bc2 b5 35.Ne4 Nf5
36.Qc3 b4 37.Qb2 Nd6 38.Nc5 Qe7 39.Bb1 Qf6 40.Qc2 g6 41.Qd3 Kg7 42.Qe3 Rb8
43.Qe5 Nb7 44.Nxb7 Qxe5 45.dxe5 Rxd2 46.Rxd2 Rxb7 47.Rd8 Bd7 48.Ra8 Rc7
49.Rxa5 Bc8 50.Be4 Kf8 51.Rc5 Ke7 52.Rxc6 {#r} 1-0

[Event "Ch Czechoslovakia"]
[Site "masterchessopen.com Trencianske Teplice (Slovakia)"]
[Round "0"]
[White "Smejkal Jan (CZE)"]
[Black "Dizdar Goran (CRO)"]
[Result "1-0"]
[WhiteElo "2565"]
[BlackElo "2450"]

1.Nf3 d5 2.d4 Nf6 3.c4 e6 4.g3 Bb4+ 5.Bd2 Be7 6.Bg2 O-O 7.O-O Nbd7 8.Qc2 c6
9.b3 Ne4 10.Nc3 f5 11.Rad1 Nxd2 12.Rxd2 Nf6 13.Ne5 Bd6 14.f4 g5 15.e3 g4 16.c5
Bc7 17.b4 Bd7 18.a4 Qe7 19.Rb1 Rab8 20.Qc1 Rfc8 21.Bf1 Be8 22.Rdb2 b6 23.Ba6
Rd8 24.Rc2 bxc5 25.bxc5 Kf8 26.Rcb2 Rxb2 27.Rxb2 Rb8 28.Rxb8 Bxb8 29.Bc8 Bxe5
30.fxe5 Ne4 31.Nxe4 fxe4 32.Qf1+ Kg7 33.Qf4 h5 34.Kg2 Bg6 35.Qf6+ Qxf6
36.exf6+ Kxf6 37.Bd7 e5 38.Bxc6 exd4 39.exd4 e3 40.Kf1 Be4 41.Ke2 a5 42.Kxe3
Bc2 43.Kf4 Bb3 44.Be8 Bc2 45.Bd7 Bb3 46.Bc6 {#r} 1-0

[Event "Ch Czechoslovakia (team) 1991/92"]
[Site "masterchessopen.com Czechoslovakia"]
[Round "0"]
[White "Trichkov Vasil (CZE)"]
[Black "Chmiel Pavel (CZE)"]
[Result "1-0"]
[WhiteElo "2315"]
[BlackElo "2243"]

1.d4 d5 2.Nf3 Nf6 3.c4 e6 4.g3 Bb4+ 5.Bd2 Qe7 6.Bg2 O-O 7.O-O Bxd2 8.Nbxd2 Nc6
9.e3 Rd8 10.Rc1 Bd7 11.a3 a5 12.Qc2 Be8 13.Rfd1 a4 14.Ne5 h6 15.h3 Rac8 16.Nd3
e5 17.cxd5 Nxd5 18.dxe5 Nxe5 19.Nc5 Bc6 20.Nc4 Nxc4 21.Qxc4 Nxe3 22.fxe3 Qxe3+
23.Kh2 Bxg2 24.Kxg2 Rd2+ 25.Rxd2 Qxd2+ 26.Kh1 b5 27.Qc2 Qe3 28.Qc3 Qf2 29.Rc2
Qf1+ 30.Kh2 Re8 31.Qd3 Qe1 32.Qd2 Qe5 33.Nd3 Qd6 34.Nf4 Qe5 35.Qd3 Qf6 36.Qxb5
Rd8 37.Re2 g5 38.Re8+ Rxe8 39.Qxe8+ Kh7 40.Qe4+ Kg8 41.Nd3 Qf1 42.Ne5 Qf2+
43.Qg2 Qd4 44.Ng4 Kg7 45.Qf2 {#r} 1-0